Central Library OPAC University of Rajshahi

Fluorine and its compounds / (Record no. 73823)

MARC details
000 -LEADER
fixed length control field 00866nam a2200265 a 4500
001 - CONTROL NUMBER
control field 73823
003 - CONTROL NUMBER IDENTIFIER
rucl marc code BD-RJUL
005 - DATE AND TIME OF LATEST TRANSACTION
control field 20211209082442.0
008 - FIXED-LENGTH DATA ELEMENTS--GENERAL INFORMATION
fixed length control field 17612 s1951 enka 001 0 eng d
035 ## - SYSTEM CONTROL NUMBER
System control number (BD-RjUL) 74041
040 ## - CATALOGING SOURCE
Language of cataloging eng
Transcribing agency BD-RjUL
Modifying agency BD-RjUL
041 ## - LANGUAGE CODE
Language code of text/sound track or separate title eng
082 ## - DEWEY DECIMAL CLASSIFICATION NUMBER
Classification number 546.731
Edition number 23
Author mark and year HAF 1951
100 1# - MAIN ENTRY--PERSONAL NAME
Personal name Haszeldine, Robert Neville
9 (RLIN) 218590
245 10 - TITLE STATEMENT
Title Fluorine and its compounds /
Statement of responsibility, etc. by R.N. Haszeldine and A.G. Sharpe.
260 ## - PUBLICATION, DISTRIBUTION, ETC. (IMPRINT)
Place of publication, distribution, etc. London :
Name of publisher, distributor, etc. Methuen ;
Place of publication, distribution, etc. New York :
Name of publisher, distributor, etc. Wiley,
Date of publication, distribution, etc. 1951.
300 ## - PHYSICAL DESCRIPTION
Pagination 153 p. :
Illustrations ill. ;
Size 17 cm.
490 ## - SERIES STATEMENT
Series statement Methuen's monographs on chemical subjects
504 ## - BIBLIOGRAPHY, ETC. NOTE
Bibliography, etc Includes bibliographical references and index.
650 #0 - SUBJECT ADDED ENTRY--TOPICAL TERM
Topical term or geographic name as entry element Fluorine
9 (RLIN) 218591
Topical term or geographic name as entry element Fluorine compounds.
9 (RLIN) 218592
700 1# - ADDED ENTRY--PERSONAL NAME
Personal name Sharpe, A. G.
830 #0 - SERIES ADDED ENTRY--UNIFORM TITLE
Uniform title Methuen's monographs on chemical subjects
942 ## - ADDED ENTRY ELEMENTS (KOHA)
Source of classification or shelving scheme Dewey Decimal Classification
Koha item type Books
Holdings
Lost status Source of classification or shelving scheme Damaged status Not for loan Collection code Permanent Location Current Location Shelving location Date acquired Source of acquisition Total Checkouts Full call number Date last seen Copy number Koha item type
  Dewey Decimal Classification   Not For Loan Non-fiction Central Library, University of Rajshahi Central Library, University of Rajshahi Reading Room 26/11/1958 Colombo Plan   546.731 HAF 1951 12/06/2017 C-1 Books